书目信息 |
| 题名: |
科学广播
|
|
| 作者: | 中央人民广播电台科技组 编 | |
| 分册: | 第一辑 | |
| 出版信息: | 北京 广播出版社 1981.4 |
|
| 页数: | 90页 | |
| 开本: | 20cm | |
| 丛书名: | ||
| 单 册: | ||
| 中图分类: | N55 | |
| 科图分类: | ||
| 主题词: | 自然科学--连续出版物 , 自然科学--斯刊 | |
| 电子资源: | ||
| ISBN: | ||
| 000 | 00604nam0 2200205 45 | |
| 001 | 0312221749 | |
| 005 | 20060812171149.35 | |
| 010 | @dCNY0.24 | |
| 091 | @a13236.002 | |
| 100 | @a20031222d1981 km y0chiy0120 ea | |
| 101 | @achi | |
| 200 | 1 | @a科学广播@h第一辑@AKe Xue Guang Bo@f中央人民广播电台科技组编@FZhong Yang Ren Min Guang Bo Dian Tai Ke Ji Zu Bian |
| 210 | @a北京@c广播出版社@d1981.4 | |
| 215 | @a90页@d20cm | |
| 606 | 0 | @a自然科学@x连续出版物 |
| 606 | 0 | @a自然科学@x斯刊 |
| 690 | @aN55@v3 | |
| 701 | 0 | @a中央人民广播电台科技组@4编 |
| 801 | @aCN@bTSTCL@c20060812 | |
| 905 | @dN55@e89:1@f1@b59761 | |
| 科学广播.第一辑/中央人民广播电台科技组编.-北京:广播出版社,1981.4 |
| 90页;20cm |
| ISBN :CNY0.24 |
| ● |
| 相关链接 |
|
|
|
|
正题名:科学广播
索取号:N55/89:1
 
预约/预借
| 序号 | 登录号 | 条形码 | 馆藏地/架位号 | 状态 | 备注 |
| 1 | 0059761 | 001229940 | 第三借阅区/ [索取号:N55/89:1] | 在馆 | |
| 2 | 0059762 | 001229977 | 第二样本阅览室/ [索取号:N55/89:1] | 在馆 | |
| 3 | 0439498 | 204394985 | 密集书库/ [索取号:N55/89:1] | 在馆 | |
| 4 | 0439499 | 204394994 | 密集书库/ [索取号:N55/89:1] | 在馆 | |
| 5 | 0439578 | 204395788 | 密集书库/ [索取号:N55/89:1] | 在馆 | |
| 6 | 0452496 | 204524960 | 密集书库/ [索取号:N55/89:1] | 在馆 |